02361cam a22004454i 4500003000900000005001700009008004100026020001500067035002700082040003300109049000900142082002100151100005200172245014100224264004700365300003900412336002100451337002500472338002300497490002500520505080900545526001001354526001001364526001001374526001001384526000801394526000801402526000801410526000801418526000801426526000801434526000801442650004801450910000801498942001201506949014501518980005501663999001501718952018201733PE-LiUPU20250731172808.0150617s1978 sp r 000 0 spa d a8485376099 a(Sirsi) i9788485376094 aPE-LiUPUbspacPE-LiUPUerda aPRUA04a231.3bF363r2231 aFernández Rodríguez, Pedro,d1940-,eautor.13aLa Renovación Carismática :cedición preparada por Pedro Fernández, O. P.bDocumentación Pontificia, Episcopal y Teológica / 1aSalamanca :bSecretario Trinitario,c1978. a228 páginas ;c19 centímetros. atext2rdacontent aunmediated2rdamedia avolume2rdacarrier a(Mundo y Dios ;v16)0 aDocumentación Pontificia. Discurso de Pablo VI delegados de la conferencia internacional de dirigentes de Grottaferrata (1973). Homilía de Pablo VI en Pentecostés (1975) -- Discurso de Pablo VI al III Congreso Internacional de la Renovación Carismática (1975) -- Documentación Episcopal. Informe de los Obispos Americamos sobre el movimiento Pentecostal en la Iglesia Católica de los Estados unidos de América (1969) -- Declaración de la Comisión Episcopal Estudio y práctica Pastoral de los Estados Unidos sobre la Renovación Carismática (1979) -- Mensaje de los Obispos Canadienses a los católicos de aquel país sobre la Renovación Carismática (1975). Declaración de la Conferencia Episcopal Puertorriqueña sobre el Movimiento de Renovación Carismática (1977). aSEG42 aSEG41 aSEG40 aSEG39 aP94 aP87 aP86 aP85 aP77 aP76 aP3514aRenovación Carismática Católica93773 ajck 2ddccBK a231.3 F38wDEWEYc1i18258d2016-9-25e2016-9-20lCCODEBUL1mBULn4r0sYtBOOKu2015-6-17xTEOLOGIA0COMPRAo.STAFF. Colección Teología 81gALBERTO SANCHEZ Responsable de Automatización c3811d3811 r2025-12-03 00:00:00i7l4o231.3 F363rp18258s2016-09-20te1v35.00w2015-06-17xFTyBKzinventario-2023-12-13102ddc50708GENfP35aBULbBULcGENd2015-06-17eCOMPRAg30.00